ខ្មោច ព្រាយអសុរកាយ​ / (Record no. 1655)

MARC details
000 -LEADER
fixed length control field 01353nam a22003017a 4500
001 - CONTROL NUMBER
control field 1655
003 - CONTROL NUMBER IDENTIFIER
control field FISKH
005 - DATE AND TIME OF LATEST TRANSACTION
control field 20230915113605.0
008 - FIXED-LENGTH DATA ELEMENTS--GENERAL INFORMATION
fixed length control field 230913b cb ||||| |||| 00| 0 khr d
020 ## - INTERNATIONAL STANDARD BOOK NUMBER
International Standard Book Number 9789924340430
040 ## - CATALOGING SOURCE
Original cataloging agency FISKH
Language of cataloging eng
Transcribing agency FISKH
Modifying agency FISKH
082 ## - DEWEY DECIMAL CLASSIFICATION NUMBER
Classification number 398.25
100 ## - MAIN ENTRY--PERSONAL NAME
Personal name Khai, Chut
245 ## - TITLE STATEMENT
Title ខ្មោច ព្រាយអសុរកាយ​ /
Statement of responsibility, etc. ជុត ខៃ រូបផាពដោយ សេង វិសុទ្ធ
260 ## - PUBLICATION, DISTRIBUTION, ETC.
Place of publication, distribution, etc. Phnom Penh :
Name of publisher, distributor, etc. Sipar,
Date of publication, distribution, etc. 2022.
300 ## - PHYSICAL DESCRIPTION
Extent 119 pages :
Other physical details illustrations ;
Dimensions 20 cm
505 ## - FORMATTED CONTENTS NOTE
Formatted contents note Z'<br/>
520 ## - SUMMARY, ETC.
Summary, etc. ពិពណ៌នាអំពីលក្ខណៈពិសេសរឿងរន្ធត់ ជាមួយនឹងការលេងសើច ជំនឿរបស់មនុស្សលើវិញ្ញាណ ខ្មោច សារីរិកធាតុ និងការព្យាបាលបែបប្រពៃណី។
520 ## - SUMMARY, ETC.
Summary, etc. The book describes people’s belief in spirits, ghosts, relics, and traditional healing.
521 8# - TARGET AUDIENCE NOTE
Target audience note 920 <br/>
Source Lexile estimate <br/>
521 8# - TARGET AUDIENCE NOTE
Target audience note Z'<br/>
Source Raz-Plus
650 ## - SUBJECT ADDED ENTRY--TOPICAL TERM
Topical term or geographic name entry element ខ្មោច
Form subdivision ជំនឿ
General subdivision ព្រលឹង
650 ## - SUBJECT ADDED ENTRY--TOPICAL TERM
Topical term or geographic name entry element Ghost
Form subdivision Paranormal
General subdivision Spirits
650 ## - SUBJECT ADDED ENTRY--TOPICAL TERM
Topical term or geographic name entry element Supernatural
650 ## - SUBJECT ADDED ENTRY--TOPICAL TERM
Topical term or geographic name entry element Superstition
700 ## - ADDED ENTRY--PERSONAL NAME
Personal name Visoth, Seng
Relator term illustrator
942 ## - ADDED ENTRY ELEMENTS (KOHA)
Source of classification or shelving scheme Dewey Decimal Classification
Koha item type Khmer Books
Suppress in OPAC No
Holdings
Withdrawn status Lost status Source of classification or shelving scheme Damaged status Not for loan Collection Home library Current library Shelving location Date acquired Total Checkouts Full call number Barcode Date last seen Date last checked out Copy number Price effective from Koha item type
    Dewey Decimal Classification     Khmer Language Books / សៀវភៅភាសាខ្មែរ Footprints International School Library Network Toul Kork Campus Footprints International School Library Network Toul Kork Campus TK Campus, Room B402, Khmer Book Case 16, Shelves 112-123 / ទូរសៀវភៅខ្មែរលេខ ១៦​ ធ្នើរ ១១២ ដល់ ១២៣ បន្ទប់ B402 សាខាទួលគោក 09/13/2023 2 KHA 398.25 2023-0605 10/16/2024 10/11/2024 1 09/13/2023 Khmer Books
    Dewey Decimal Classification     Khmer Language Books / សៀវភៅភាសាខ្មែរ Footprints International School Library Network Toul Tom Poung Campus Footprints International School Library Network Toul Tom Poung Campus TTP Secondary Khmer Bookshelves 09/13/2023 4 KHA 398.25 2023-0606 02/03/2026 02/03/2026 2 09/13/2023 Khmer Books